000 00782nab a2200253 a 4500
001 54351
003 124986
005 20201118103003.0
008 ||||||n9999 ||| || ||
041 _aspa
100 _aCarrillo, Ernesto
245 0 _aLegitimidad y modernización de la Administración Pública
260 _aEspaña :
_bInstituto Canario de Administración Pública-INAP,
_c1996.
300 _app.143-152
562 _e0
650 _aANÁLISIS DE IMPACTO
650 _aBOGOTÁ (COLOMBIA)--ADMINISTRACIÓN PÚBLICA
650 _aGESTION PUBLICA--BOGOTA (COLOMBIA)
650 _aLEGITIMIDAD
650 _aMODERNIZACIÓN
650 _aREFORMAS ADMINISTRATIVAS
773 _051771
_aGestión y Análisis de Políticas Públicas - No.7-8
942 _cSART
999 _c54351
_d54351